<?xml version="1.0" encoding="UTF-8"?>
<record
    xmlns:xsi="http://www.w3.org/2001/XMLSchema-instance"
    xsi:schemaLocation="http://www.loc.gov/MARC21/slim http://www.loc.gov/standards/marcxml/schema/MARC21slim.xsd"
    xmlns="http://www.loc.gov/MARC21/slim">

  <leader>00612nam a22002177a 4500</leader>
  <controlfield tag="003">dpl</controlfield>
  <controlfield tag="005">20180719122740.0</controlfield>
  <controlfield tag="008">180719b        xxu||||| |||| 00| 0 eng d</controlfield>
  <datafield tag="020" ind1=" " ind2=" ">
    <subfield code="a">8125012664</subfield>
    <subfield code="c">328.00</subfield>
  </datafield>
  <datafield tag="035" ind1=" " ind2=" ">
    <subfield code="a">A-947646</subfield>
  </datafield>
  <datafield tag="040" ind1=" " ind2=" ">
    <subfield code="a">DPL</subfield>
    <subfield code="b">EN</subfield>
    <subfield code="c">0</subfield>
  </datafield>
  <datafield tag="082" ind1=" " ind2=" ">
    <subfield code="a">610</subfield>
    <subfield code="b">VAS</subfield>
  </datafield>
  <datafield tag="100" ind1=" " ind2=" ">
    <subfield code="a">Vasan, R.S.</subfield>
  </datafield>
  <datafield tag="245" ind1=" " ind2=" ">
    <subfield code="a">Textbook of Medicine /</subfield>
    <subfield code="c">by R.S. Vasan [and] Sudha Seshadri</subfield>
  </datafield>
  <datafield tag="260" ind1=" " ind2=" ">
    <subfield code="a">Chennai</subfield>
    <subfield code="b">Orient Longman</subfield>
    <subfield code="c">1998</subfield>
  </datafield>
  <datafield tag="270" ind1=" " ind2=" ">
    <subfield code="a">160 Anna Sala</subfield>
    <subfield code="b">Chennai</subfield>
    <subfield code="c">600002</subfield>
  </datafield>
  <datafield tag="300" ind1=" " ind2=" ">
    <subfield code="a">1387p.:</subfield>
    <subfield code="b">ill.;</subfield>
    <subfield code="c">26cm.</subfield>
  </datafield>
  <datafield tag="650" ind1=" " ind2=" ">
    <subfield code="a">Medical</subfield>
  </datafield>
  <datafield tag="700" ind1=" " ind2=" ">
    <subfield code="a">Seshadri, Sudha</subfield>
  </datafield>
  <datafield tag="942" ind1=" " ind2=" ">
    <subfield code="2">ddc</subfield>
    <subfield code="c">EN</subfield>
    <subfield code="h">610</subfield>
    <subfield code="m">VAS</subfield>
  </datafield>
  <datafield tag="999" ind1=" " ind2=" ">
    <subfield code="c">154381</subfield>
    <subfield code="d">154381</subfield>
  </datafield>
  <datafield tag="952" ind1=" " ind2=" ">
    <subfield code="0">0</subfield>
    <subfield code="1">0</subfield>
    <subfield code="2">ddc</subfield>
    <subfield code="4">0</subfield>
    <subfield code="7">0</subfield>
    <subfield code="8">NFIC</subfield>
    <subfield code="a">BL1</subfield>
    <subfield code="b">BL1</subfield>
    <subfield code="d">2018-07-19</subfield>
    <subfield code="e">BPPD/Pub</subfield>
    <subfield code="g">328.00</subfield>
    <subfield code="l">1</subfield>
    <subfield code="o">610 VAS</subfield>
    <subfield code="p">A-947646</subfield>
    <subfield code="r">2018-10-18 00:00:00</subfield>
    <subfield code="s">2018-10-04</subfield>
    <subfield code="v">328.00</subfield>
    <subfield code="w">2018-07-19</subfield>
    <subfield code="y">EN</subfield>
  </datafield>
</record>
